[Event "TNT May op"]
[Site "Winnipeg CAN"]
[Date "2003.05.27"]
[Round "4"]
[White "Cleto, Sam"]
[Black "Essery, Richard"]
[Result "1-0"]
[WhiteElo "1872"]
[BlackElo "1753"]
[PlyCount "73"]
[EventDate "2003.05.06"]
[EventType "swiss"]
[EventRounds "4"]
[EventCountry "CAN"]
[Source "ChessBase"]
[SourceDate "2003.11.25"]

1. d4 Nf6 2. c4 d6 3. h3 g6 4. Nc3 Bg7 5. e4 Nc6 6. d5 Nb8 7. Nf3 O-O 8. Bg5 e5
9. Qd2 Nbd7 10. b4 a5 11. b5 Nc5 12. Bd3 Bd7 13. Bc2 Qc8 14. a4 Ne8 15. Be7 f5
16. Bxf8 Kxf8 17. Ng5 fxe4 18. Ncxe4 Nxe4 19. Bxe4 Nf6 20. Qe3 Kg8 21. Nf3 Nxe4
22. Qxe4 Bf5 23. Qe3 e4 24. Nd4 Qf8 25. O-O Bh6 26. f4 exf3 27. Qxf3 Bd7 28.
Qe4 Qg7 29. Ne6 Qe7 30. Rae1 Re8 31. Qf3 Bd2 32. Re2 Bb4 33. Ng5 Bc5+ 34. Kh1
Qg7 35. Rxe8+ Bxe8 36. Ne6 Qf7 37. Qe2 1-0

[Event "TNT May op"]
[Site "Winnipeg CAN"]
[Date "2003.05.27"]
[Round "4"]
[White "Nikouline, Alexandre"]
[Black "Pottinger, Carl"]
[Result "1-0"]
[WhiteElo "2057"]
[BlackElo "1586"]
[PlyCount "63"]
[EventDate "2003.05.06"]
[EventType "swiss"]
[EventRounds "4"]
[EventCountry "CAN"]
[Source "ChessBase"]
[SourceDate "2003.11.25"]

1. e4 c5 2. Nf3 Nc6 3. d4 cxd4 4. Nxd4 g6 5. Nc3 Bg7 6. Be3 Qa5 7. Qd2 d6 8.
O-O-O Nxd4 9. Bxd4 Nf6 10. Kb1 O-O 11. f3 Be6 12. Nd5 Qd8 13. Nxf6+ exf6 14.
Qb4 Qc7 15. g4 d5 16. g5 fxg5 17. Bxg7 Kxg7 18. exd5 Rfd8 19. Qd4+ Kg8 20. c4
Rd6 21. h4 gxh4 22. Rxh4 Bf5+ 23. Bd3 Bxd3+ 24. Rxd3 b6 25. f4 f5 26. Re3 Rc8
27. b3 b5 28. Rc3 Qc5 29. Qe5 Rxd5 30. Qe6+ Kg7 31. Rxh7+ Kxh7 32. Qf7+ 1-0

[Event "Thanksgiving op"]
[Site "Winnipeg CAN"]
[Date "2003.10.10"]
[Round "1"]
[White "Greenberg, Harley"]
[Black "Proulx, Roy"]
[Result "1/2-1/2"]
[WhiteElo "1864"]
[BlackElo "1636"]
[PlyCount "96"]
[EventDate "2003.10.10"]
[EventType "swiss"]
[EventRounds "5"]
[EventCountry "CAN"]

1. d4 Nf6 2. c4 e6 3. Nf3 d5 4. g3 dxc4 5. Nc3 Bb4 6. a3 Bxc3+ 7. bxc3 O-O 8.
Bg2 c6 9. O-O Nbd7 10. a4 Re8 11. Qc2 e5 12. Rd1 Qc7 13. dxe5 Nxe5 14. Bf4
Nxf3+ 15. Bxf3 Qa5 16. e4 Bg4 17. Bxg4 Nxg4 18. Rd7 b5 19. Bc7 Qa6 20. Qd1 Nf6
21. Rd8 Qb7 22. Rxa8 Rxa8 23. Be5 Qe7 24. Bxf6 Qxf6 25. e5 Qxe5 26. axb5 cxb5
27. Rxa7 Rb8 28. Qf3 f5 29. Rd7 Qe4 30. Qxe4 fxe4 31. Kf1 Ra8 32. Ke2 Ra3 33.
Rb7 Rb3 34. Ke3 Rxc3+ 35. Kd2 Rb3 36. Kc2 h6 37. Kc1 b4 38. Kc2 Rc3+ 39. Kb2
Rb3+ 40. Kc2 Kh7 41. Rb6 h5 42. Rc6 Rc3+ 43. Kb2 h4 44. gxh4 Rh3 45. Rxc4 Rxh2
46. Kb3 Rxh4 47. Rxb4 Kg6 48. Kc3 Kf5 1/2-1/2

[Event "Thanksgiving op"]
[Site "Winnipeg CAN"]
[Date "2003.10.10"]
[Round "1"]
[White "Hogeveen Rutter, Alexander"]
[Black "Vincent, Trevor"]
[Result "0-1"]
[WhiteElo "1698"]
[BlackElo "2101"]
[PlyCount "32"]
[EventDate "2003.10.10"]
[EventType "swiss"]
[EventRounds "5"]
[EventCountry "CAN"]

1. e4 c5 2. Nf3 Nc6 3. d4 cxd4 4. Nxd4 g6 5. Nc3 Bg7 6. Be3 Nf6 7. Be2 O-O 8.
Qd2 d5 9. f3 e5 10. Nxc6 bxc6 11. O-O d4 12. Rfd1 Qe7 13. Bxd4 exd4 14. Qxd4
Nd5 15. Qd2 Nxc3 16. bxc3 Qc5+ 0-1

[Event "Thanksgiving op"]
[Site "Winnipeg CAN"]
[Date "2003.10.10"]
[Round "1"]
[White "Kaptsan, Aron"]
[Black "Zaczek, Jonathan"]
[Result "1-0"]
[WhiteElo "1960"]
[BlackElo "1696"]
[PlyCount "45"]
[EventDate "2003.10.10"]
[EventType "swiss"]
[EventRounds "5"]
[EventCountry "CAN"]

1. d4 Nf6 2. c4 g6 3. Nc3 Bg7 4. e3 O-O 5. Bd3 d6 6. Nge2 Nbd7 7. O-O e5 8. f4
exd4 9. exd4 c6 10. h3 Re8 11. Kh1 Nf8 12. f5 gxf5 13. Bxf5 Qc7 14. Qd3 Ng6 15.
Bg5 Nd7 16. Rf2 Ndf8 17. Raf1 Bxf5 18. Qxf5 Nh8 19. Ne4 Re6 20. Nf6+ Bxf6 21.
Bxf6 Nfg6 22. d5 Ree8 23. Qg5 1-0

[Event "Thanksgiving op"]
[Site "Winnipeg CAN"]
[Date "2003.10.10"]
[Round "1"]
[White "Katona, John"]
[Black "Kohalmi, Andy"]
[Result "1/2-1/2"]
[WhiteElo "1792"]
[BlackElo "1461"]
[PlyCount "61"]
[EventDate "2003.10.10"]
[EventType "swiss"]
[EventRounds "5"]
[EventCountry "CAN"]

1. e4 e5 2. Nc3 Nc6 3. Bc4 Nf6 4. d3 Be7 5. f4 d6 6. Nf3 Bg4 7. h3 Bxf3 8. Qxf3
Nd4 9. Qd1 Nd7 10. O-O Bf6 11. Nd5 c6 12. Nxf6+ Nxf6 13. fxe5 dxe5 14. c3 Ne6
15. Be3 Qd6 16. Qe2 O-O 17. Rf2 a5 18. Raf1 b5 19. Bb3 a4 20. Bxe6 fxe6 21. g4
Rad8 22. g5 Nd7 23. Rxf8+ Rxf8 24. Rxf8+ Nxf8 25. Kf1 Ng6 26. Ke1 Nf4 27. Bxf4
exf4 28. Qh5 g6 29. Qf3 e5 30. Ke2 Qe6 31. Qg4 1/2-1/2

[Event "Thanksgiving op"]
[Site "Winnipeg CAN"]
[Date "2003.10.10"]
[Round "1"]
[White "Rutter, Blair"]
[Black "Liebzeit, Mick"]
[Result "0-1"]
[WhiteElo "1708"]
[BlackElo "1253"]
[PlyCount "58"]
[EventDate "2003.10.10"]
[EventType "swiss"]
[EventRounds "5"]
[EventCountry "CAN"]

1. d4 Nf6 2. c4 g6 3. Nc3 Bg7 4. e4 d6 5. h3 O-O 6. Nf3 Nbd7 7. Be2 e5 8. d5 a5
9. O-O Nh5 10. Ng5 Nf4 11. h4 h6 12. Nf3 Nxe2+ 13. Qxe2 f5 14. exf5 Rxf5 15.
Ne4 Rf7 16. g3 Nf6 17. Nfd2 Nxe4 18. Nxe4 Bh3 19. Re1 Qd7 20. Be3 Bg4 21. Qc2
Bf3 22. Kh2 Qf5 23. Bd2 Bxe4 24. Qxe4 Qxe4 25. Rxe4 Rxf2+ 26. Kh3 Rxd2 27. Rg4
Kh7 28. Rb1 Rf8 29. Re4 Rff2 0-1

[Event "Thanksgiving op"]
[Site "Winnipeg CAN"]
[Date "2003.10.10"]
[Round "1"]
[White "Shome, Devarshi"]
[Black "Cleto, Sam"]
[Result "1-0"]
[WhiteElo "1676"]
[BlackElo "1914"]
[PlyCount "49"]
[EventDate "2003.10.10"]
[EventType "swiss"]
[EventRounds "5"]
[EventCountry "CAN"]

1. e4 c5 2. Nf3 d6 3. d4 cxd4 4. Nxd4 Nf6 5. Nc3 g6 6. Be3 Nc6 7. f3 Bg7 8. Qd2
O-O 9. O-O-O Bd7 10. Bc4 Ne5 11. Bb3 Rc8 12. Bg5 Nc4 13. Bxc4 Rxc4 14. e5 dxe5
15. Nb3 Rxc3 16. Qxc3 Qe8 17. Qxe5 Be6 18. Qc7 Qa4 19. a3 Nd5 20. Qa5 Qc4 21.
Qc5 Qa6 22. Rxd5 Rc8 23. Qxc8+ Bxc8 24. Rd8+ Bf8 25. Bh6 1-0

[Event "Thanksgiving op"]
[Site "Winnipeg CAN"]
[Date "2003.10.11"]
[Round "2"]
[White "Cleto, Sam"]
[Black "Hogeveen Rutter, Alexander"]
[Result "1-0"]
[WhiteElo "1914"]
[BlackElo "1698"]
[PlyCount "63"]
[EventDate "2003.10.10"]
[EventType "swiss"]
[EventRounds "5"]
[EventCountry "CAN"]

1. Nf3 g6 2. d4 Bg7 3. c4 Nf6 4. Nc3 O-O 5. e4 d6 6. Be2 Nbd7 7. O-O c5 8. e5
dxe5 9. dxe5 Ng4 10. e6 fxe6 11. Ng5 Nxf2 12. Rxf2 Rxf2 13. Kxf2 Qf8+ 14. Kg1
Bd4+ 15. Kh1 Qf6 16. Nce4 Qe5 17. Qf1 Qf5 18. Qd1 Nf6 19. Ng3 Qe5 20. Nf3 Qd6
21. Nxd4 cxd4 22. Qd3 e5 23. Bg5 Kg7 24. Rf1 Bd7 25. Bxf6+ exf6 26. Ne4 Qb4 27.
Nxf6 Bf5 28. Ne4 Qxb2 29. Rb1 Qxa2 30. Rxb7+ Kh8 31. Nf6 Qa1+ 32. Bf1 1-0

[Event "Thanksgiving op"]
[Site "Winnipeg CAN"]
[Date "2003.10.11"]
[Round "2"]
[White "Curtis, Rory"]
[Black "Katona, John"]
[Result "0-1"]
[WhiteElo "1736"]
[BlackElo "1792"]
[PlyCount "56"]
[EventDate "2003.10.10"]
[EventType "swiss"]
[EventRounds "5"]
[EventCountry "CAN"]

1. d4 Nf6 2. c4 g6 3. Nc3 Bg7 4. e4 d6 5. Nf3 O-O 6. Be2 e5 7. O-O Nc6 8. d5
Ne7 9. b4 Nh5 10. Re1 Nf4 11. Bf1 h6 12. c5 f5 13. Bxf4 exf4 14. e5 dxe5 15.
Nxe5 g5 16. Bc4 Kh7 17. Qd3 Re8 18. Nf7 Qd7 19. Re6 Ng6 20. Qxf5 Rxe6 21. dxe6
Qd4 22. Bd3 Qf6 23. Rc1 Bxe6 24. Qxf6 Bxf6 25. Nxg5+ hxg5 26. Ne4 Kg7 27. a3
Rd8 28. Be2 Rd4 0-1

[Event "Thanksgiving op"]
[Site "Winnipeg CAN"]
[Date "2003.10.11"]
[Round "2"]
[White "Gibson, Kris"]
[Black "Gannon, Keith"]
[Result "1/2-1/2"]
[WhiteElo "1756"]
[BlackElo "1614"]
[PlyCount "87"]
[EventDate "2003.10.10"]
[EventType "swiss"]
[EventRounds "5"]
[EventCountry "CAN"]

1. e4 e5 2. d4 exd4 3. Nf3 d6 4. Nxd4 Nf6 5. Bc4 Be7 6. O-O O-O 7. Nc3 Nbd7 8.
Nd5 Nxd5 9. exd5 Ne5 10. Bb3 Ng6 11. c4 Bd7 12. Bc2 Bf6 13. Qd3 Bxd4 14. Qxd4
f5 15. b4 Qf6 16. Bb2 Qxd4 17. Bxd4 Rfe8 18. Rae1 a6 19. Re3 Rxe3 20. fxe3 Rf8
21. g4 fxg4 22. Bxg6 Rxf1+ 23. Kxf1 hxg6 24. e4 c6 25. Kf2 Kf7 26. c5 dxc5 27.
bxc5 cxd5 28. exd5 g5 29. Ke3 g6 30. Ke4 Ke7 31. Ke5 Bf5 32. a4 a5 33. Bc3 Bc2
34. Bxa5 Bxa4 35. Bd2 Kd7 36. Bxg5 Bc2 37. Bd2 Bf5 38. Ba5 Bc2 39. Bb6 Bb1 40.
Kf6 Be4 41. Ke5 Bf5 42. Ba7 Bc2 43. Bb8 Bd3 44. Bd6 1/2-1/2

[Event "Thanksgiving op"]
[Site "Winnipeg CAN"]
[Date "2003.10.11"]
[Round "2"]
[White "Khedkar, Jay"]
[Black "Liebzeit, Mick"]
[Result "1-0"]
[WhiteElo "1857"]
[BlackElo "1253"]
[PlyCount "75"]
[EventDate "2003.10.10"]
[EventType "swiss"]
[EventRounds "5"]
[EventCountry "CAN"]

1. d4 Nf6 2. c4 g6 3. Nc3 Bg7 4. e4 d6 5. Be2 O-O 6. Nf3 e5 7. d5 a5 8. O-O Nh5
9. Ne1 Nf4 10. Nd3 Nxe2+ 11. Qxe2 f5 12. f3 Qh4 13. Be3 f4 14. Bf2 Qg5 15. Kh1
h5 16. c5 h4 17. Nb5 Qe7 18. Rac1 h3 19. Rg1 g5 20. cxd6 cxd6 21. Nc7 Ra6 22.
a3 hxg2+ 23. Rxg2 g4 24. Nxa6 Nxa6 25. b4 axb4 26. Nxb4 Nc5 27. Bxc5 dxc5 28.
Nd3 Qh4 29. Nxc5 Qh3 30. Rcg1 Rf7 31. Rxg4 Bxg4 32. Rxg4 Rc7 33. Ne6 Re7 34.
Nxg7 Rxg7 35. Rxg7+ Kxg7 36. Qg2+ Qxg2+ 37. Kxg2 Kf6 38. h4 1-0

[Event "Thanksgiving op"]
[Site "Winnipeg CAN"]
[Date "2003.10.11"]
[Round "2"]
[White "Kohalmi, Andy"]
[Black "Greenberg, Harley"]
[Result "0-1"]
[WhiteElo "1461"]
[BlackElo "1864"]
[PlyCount "58"]
[EventDate "2003.10.10"]
[EventType "swiss"]
[EventRounds "5"]
[EventCountry "CAN"]

1. e4 c5 2. Nf3 Nc6 3. d3 g6 4. g3 Bg7 5. Bg2 Nf6 6. O-O d5 7. exd5 Nxd5 8. Re1
O-O 9. c3 Bf5 10. Nh4 Be6 11. Nd2 Nxc3 12. bxc3 Bxc3 13. Rb1 Nb4 14. a3 Nxd3
15. Re3 c4 16. Rxb7 Bd4 17. Re2 c3 18. Nb3 Bxb3 19. Rxb3 Nxf2 20. Qc2 Nd3+ 21.
Kh1 Nxc1 22. Qxc1 Rc8 23. Nf3 Bg7 24. Rb7 Qd3 25. Rc2 Rfd8 26. Rxe7 Bh6 27. Qb1
Rb8 28. Rb7 Rxb7 29. Qxb7 Qxc2 0-1

[Event "Thanksgiving op"]
[Site "Winnipeg CAN"]
[Date "2003.10.11"]
[Round "2"]
[White "Vincent, Trevor"]
[Black "Shome, Devarshi"]
[Result "1-0"]
[WhiteElo "2101"]
[BlackElo "1676"]
[PlyCount "66"]
[EventDate "2003.10.10"]
[EventType "swiss"]
[EventRounds "5"]
[EventCountry "CAN"]

1. c4 c5 2. g3 g6 3. Bg2 Bg7 4. Nc3 Nc6 5. a3 d6 6. Rb1 a5 7. Nf3 e5 8. O-O
Nge7 9. d3 O-O 10. Ne1 Be6 11. Nc2 Qd7 12. Nd5 Bxd5 13. cxd5 Nd4 14. Nxd4 cxd4
15. Bd2 Rfc8 16. b4 axb4 17. Bxb4 Bh6 18. Qb3 Rc7 19. Rb2 Rac8 20. Ba5 Rc5 21.
Be1 R5c7 22. Bb4 Rc1 23. Rb1 Rxf1+ 24. Bxf1 Rc1 25. Rxc1 Bxc1 26. Qc2 Bh6 27.
Bg2 f5 28. Bf3 Qc8 29. Qa4 f4 30. Bxd6 fxg3 31. hxg3 Nf5 32. Bxe5 Be3 33. Qc4
Qd8 1-0

[Event "Thanksgiving op"]
[Site "Winnipeg CAN"]
[Date "2003.10.11"]
[Round "2"]
[White "Zaczek, Jonathan"]
[Black "Rutter, Blair"]
[Result "0-1"]
[WhiteElo "1696"]
[BlackElo "1708"]
[PlyCount "42"]
[EventDate "2003.10.10"]
[EventType "swiss"]
[EventRounds "5"]
[EventCountry "CAN"]

1. e4 e6 2. d4 d5 3. Nc3 Nf6 4. Bg5 Be7 5. e5 Nfd7 6. Bxe7 Qxe7 7. f4 O-O 8.
Nf3 a6 9. Bd3 f5 10. Qe2 c5 11. dxc5 Nxc5 12. O-O-O Nc6 13. Rdg1 Rd8 14. g4 d4
15. gxf5 Nxd3+ 16. cxd3 exf5 17. Nd1 Be6 18. Kb1 Rac8 19. Rg3 Nb4 20. a3 Qc5
21. Nf2 Ba2+ 0-1

[Event "Thanksgiving op"]
[Site "Winnipeg CAN"]
[Date "2003.10.11"]
[Round "3"]
[White "Gibbons, Lorne"]
[Black "Curtis, Rory"]
[Result "0-1"]
[WhiteElo "1310"]
[BlackElo "1736"]
[PlyCount "69"]
[EventDate "2003.10.10"]
[EventType "swiss"]
[EventRounds "5"]
[EventCountry "CAN"]

1. d4 d5 2. c4 c6 3. Nc3 Nf6 4. Bf4 Bf5 5. e3 dxc4 6. Bxc4 b5 7. Bb3 e6 8. Nge2
Be7 9. O-O Nbd7 10. f3 Nh5 11. g4 Nxf4 12. Nxf4 Bg6 13. Rc1 Qb6 14. Nce2 e5 15.
Ng2 O-O 16. Bc2 Rad8 17. h4 Nf6 18. h5 Bxc2 19. Qxc2 Rc8 20. Rfd1 Nd5 21. a3
Bg5 22. f4 exf4 23. exf4 Be7 24. Rd3 Bd6 25. Qd2 Nf6 26. Ne3 c5 27. f5 c4 28.
Nd5 Nxd5 29. Rh3 Be7 30. Rf1 Qh6 31. Qxh6 gxh6 32. Nf4 Nxf4 33. Rxf4 Bg5 34.
Rf2 Rfe8 35. b3 0-1

[Event "Thanksgiving op"]
[Site "Winnipeg CAN"]
[Date "2003.10.11"]
[Round "3"]
[White "Gibson, Kris"]
[Black "Proulx, Roy"]
[Result "1-0"]
[WhiteElo "1756"]
[BlackElo "1636"]
[PlyCount "81"]
[EventDate "2003.10.10"]
[EventType "swiss"]
[EventRounds "5"]
[EventCountry "CAN"]

1. e4 e6 2. d4 d5 3. exd5 exd5 4. c4 Nf6 5. Nc3 Bb4 6. a3 Bxc3+ 7. bxc3 O-O 8.
Nf3 Re8+ 9. Be3 Ng4 10. Qd2 Nxe3 11. fxe3 c6 12. Bd3 Nd7 13. h4 Nf6 14. Ne5 Qe7
15. O-O Be6 16. Rf4 dxc4 17. Bc2 Nd5 18. Rf3 Qxh4 19. Raf1 f6 20. Nxc4 Bg4 21.
R3f2 Qg5 22. Qd3 f5 23. Re1 Re6 24. Ne5 Rh6 25. Nxg4 fxg4 26. Qf5 Qxf5 27. Rxf5
Rf6 28. c4 Rxf5 29. Bxf5 Nf6 30. e4 Re8 31. e5 g6 32. Bc2 Nh5 33. d5 cxd5 34.
cxd5 Ng7 35. e6 Rd8 36. Bb3 Ne8 37. e7 Rd6 38. Rf1 Nc7 39. Rf8+ Kg7 40. Rc8 g3
41. Rxc7 1-0

[Event "Thanksgiving op"]
[Site "Winnipeg CAN"]
[Date "2003.10.11"]
[Round "3"]
[White "Greenberg, Harley"]
[Black "Khedkar, Jay"]
[Result "0-1"]
[WhiteElo "1864"]
[BlackElo "1857"]
[PlyCount "64"]
[EventDate "2003.10.10"]
[EventType "swiss"]
[EventRounds "5"]
[EventCountry "CAN"]

1. d4 Nf6 2. c4 e6 3. Nf3 b6 4. g3 Bb7 5. Bg2 Bb4+ 6. Bd2 Qe7 7. O-O O-O 8. a3
Bxd2 9. Nbxd2 d5 10. Re1 Nbd7 11. Ng5 c5 12. e4 dxc4 13. d5 Ne5 14. dxe6 fxe6
15. Rf1 Rad8 16. Qc2 b5 17. f4 Nd3 18. Bh3 Bc8 19. e5 Nd5 20. Rf3 h6 21. Nge4
g5 22. fxg5 Nxe5 23. Rxf8+ Rxf8 24. gxh6 Nd3 25. b3 Ne3 26. Qc3 e5 27. Bxc8 b4
28. axb4 cxb4 29. Be6+ Qxe6 30. h7+ Kh8 31. Ng5 Qf6 32. Rf1 Qxf1+ 0-1

[Event "Thanksgiving op"]
[Site "Winnipeg CAN"]
[Date "2003.10.11"]
[Round "3"]
[White "Hogeveen Rutter, Alexander"]
[Black "Zaczek, Jonathan"]
[Result "1-0"]
[WhiteElo "1698"]
[BlackElo "1696"]
[PlyCount "71"]
[EventDate "2003.10.10"]
[EventType "swiss"]
[EventRounds "5"]
[EventCountry "CAN"]

1. e4 c5 2. Nf3 d6 3. d4 cxd4 4. Nxd4 Nf6 5. Nc3 a6 6. Be2 e5 7. Nb3 Be7 8. O-O
O-O 9. a4 Be6 10. Be3 Nbd7 11. Qd2 Qc7 12. f3 Rfd8 13. Rfd1 Nc5 14. Nc1 d5 15.
exd5 Nxd5 16. Nxd5 Rxd5 17. Qc3 Rc8 18. Rxd5 Bxd5 19. Nd3 Nxd3 20. Qxc7 Rxc7
21. Bxd3 f6 22. b3 Bf7 23. Rd1 Bg6 24. Bxg6 hxg6 25. c4 Bb4 26. Bb6 Rc6 27. a5
Rd6 28. Rxd6 Bxd6 29. c5 Be7 30. b4 Kf7 31. b5 Bxc5+ 32. Bxc5 axb5 33. Kf2 Ke6
34. Ke3 Kd5 35. Bf8 f5 36. Kd3 1-0

[Event "Thanksgiving op"]
[Site "Winnipeg CAN"]
[Date "2003.10.11"]
[Round "3"]
[White "Kaptsan, Aron"]
[Black "Vincent, Trevor"]
[Result "0-1"]
[WhiteElo "1960"]
[BlackElo "2101"]
[PlyCount "70"]
[EventDate "2003.10.10"]
[EventType "swiss"]
[EventRounds "5"]
[EventCountry "CAN"]

1. d4 Nf6 2. c4 e5 3. dxe5 Ng4 4. e4 Nxe5 5. f4 Nec6 6. Be3 Bb4+ 7. Nd2 Qe7 8.
Qf3 Bc5 9. O-O-O O-O 10. Ne2 Bxe3 11. Qxe3 d6 12. Nc3 f5 13. Nd5 Qf7 14. Bd3
Na6 15. e5 Re8 16. Nf3 h6 17. Rhe1 Nc5 18. Bc2 a5 19. a3 a4 20. Qc3 Ne4 21.
Bxe4 fxe4 22. Rxe4 Bf5 23. Ree1 Bh7 24. exd6 cxd6 25. Rxe8+ Rxe8 26. Re1 Rxe1+
27. Qxe1 Kf8 28. Qc3 Qf5 29. Kd2 Qb1 30. Nc7 Qf5 31. g3 Kf7 32. Nd4 Nxd4 33.
Qxd4 Qc2+ 34. Ke3 Qc1+ 35. Kf3 Qf1+ 0-1

[Event "Thanksgiving op"]
[Site "Winnipeg CAN"]
[Date "2003.10.11"]
[Round "3"]
[White "Katona, John"]
[Black "Cleto, Sam"]
[Result "1-0"]
[WhiteElo "1792"]
[BlackElo "1914"]
[PlyCount "97"]
[EventDate "2003.10.10"]
[EventType "swiss"]
[EventRounds "5"]
[EventCountry "CAN"]

1. e4 e5 2. Nc3 Nf6 3. Bc4 Be7 4. d3 Nc6 5. f4 O-O 6. Nf3 Na5 7. fxe5 Ng4 8.
Nd5 Nxc4 9. dxc4 Bc5 10. Bg5 f6 11. exf6 Bf2+ 12. Kf1 gxf6 13. Bf4 c6 14. h3
Ne5 15. Kxf2 cxd5 16. Qxd5+ Kg7 17. Nxe5 fxe5 18. Qxe5+ Kg8 19. Ke2 d6 20. Qg5+
Qxg5 21. Bxg5 Re8 22. Kd3 b5 23. cxb5 Re5 24. Bf6 Rxb5 25. Rhf1 Ba6 26. c4 Rc5
27. b3 d5 28. exd5 Rxd5+ 29. Kc3 Rc8 30. Rad1 Rxd1 31. Rxd1 Bb7 32. Rd8+ Rxd8
33. Bxd8 Bxg2 34. h4 Kf7 35. Kd4 Ke8 36. Ba5 Kd7 37. Kc5 Kc8 38. b4 Kb7 39. Bd8
Bf1 40. Kd5 h6 41. b5 h5 42. a4 Ka8 43. c5 Kb7 44. c6+ Kc8 45. Bf6 Be2 46. Bd4
Kb8 47. Kd6 Bg4 48. Bxa7+ Kxa7 49. Kc7 1-0

[Event "Thanksgiving op"]
[Site "Winnipeg CAN"]
[Date "2003.10.11"]
[Round "3"]
[White "Liebzeit, Mick"]
[Black "Shome, Devarshi"]
[Result "0-1"]
[WhiteElo "1253"]
[BlackElo "1676"]
[PlyCount "70"]
[EventDate "2003.10.10"]
[EventType "swiss"]
[EventRounds "5"]
[EventCountry "CAN"]

1. e4 e6 2. d4 d5 3. exd5 exd5 4. c4 Nc6 5. Be3 Nf6 6. Nc3 Bb4 7. a3 Bxc3+ 8.
bxc3 O-O 9. Bd3 Re8 10. Ne2 Be6 11. cxd5 Nxd5 12. Bd2 Bg4 13. f3 Bh5 14. O-O
Ne3 15. Bxe3 Rxe3 16. Nf4 Bg6 17. Nxg6 hxg6 18. Qd2 Re8 19. Rae1 Qd6 20. Qb2 b6
21. Qb3 Rad8 22. Qa4 Ne7 23. Rf2 Kf8 24. Rfe2 a5 25. Re4 c6 26. Qb3 Nd5 27. c4
Nf4 28. Bb1 Rxe4 29. Rxe4 Ne6 30. Qxb6 Rb8 31. Qxa5 Rxb1+ 32. Kf2 Qxh2 33. d5
Rb2+ 34. Ke3 Qg1+ 35. Kd3 Qd1+ 0-1

[Event "Thanksgiving op"]
[Site "Winnipeg CAN"]
[Date "2003.10.12"]
[Round "4"]
[White "Curtis, Rory"]
[Black "Gannon, Keith"]
[Result "1-0"]
[WhiteElo "1736"]
[BlackElo "1614"]
[PlyCount "111"]
[EventDate "2003.10.10"]
[EventType "swiss"]
[EventRounds "5"]
[EventCountry "CAN"]

1. d4 Nf6 2. c4 d6 3. Nc3 c6 4. e4 g6 5. Nf3 Bg4 6. Be2 Bg7 7. O-O O-O 8. b4
Bxf3 9. Bxf3 e5 10. d5 cxd5 11. cxd5 a6 12. Be3 Nbd7 13. a4 Rc8 14. Qb3 b6 15.
Be2 Nb8 16. f3 Re8 17. a5 bxa5 18. Rxa5 Re7 19. Bxa6 Nxa6 20. Rxa6 Rb7 21. Na4
Ra8 22. Rxa8 Qxa8 23. Rc1 Qb8 24. Bd2 Ne8 25. Rc6 f5 26. Qc2 Qa7+ 27. Kf1 fxe4
28. Rc8 Rb8 29. Rxb8 Qxb8 30. fxe4 Nc7 31. Qc6 Nb5 32. Nb6 Qf8+ 33. Ke1 Nd4 34.
Qc8 Qxc8 35. Nxc8 Bf8 36. Na7 Be7 37. Nc6 Kf7 38. Nxd4 exd4 39. Ke2 Bd8 40. Kd3
Bb6 41. Bf4 Ke7 42. Bg5+ Kd7 43. Bf6 h5 44. Bxd4 Bd8 45. e5 dxe5 46. Bxe5 g5
47. h3 g4 48. hxg4 hxg4 49. b5 Bb6 50. Ke4 Bf2 51. Kf5 g3 52. Kg4 Be1 53. Bxg3
Bxg3 54. Kxg3 Kd6 55. b6 Kxd5 56. b7 1-0

[Event "Thanksgiving op"]
[Site "Winnipeg CAN"]
[Date "2003.10.12"]
[Round "4"]
[White "Gibbons, Lorne"]
[Black "Rutter, Blair"]
[Result "0-1"]
[WhiteElo "1310"]
[BlackElo "1708"]
[PlyCount "44"]
[EventDate "2003.10.10"]
[EventType "swiss"]
[EventRounds "5"]
[EventCountry "CAN"]

1. d4 d5 2. c4 c6 3. Nc3 Nf6 4. Nf3 g6 5. Bf4 Bg7 6. e3 Nbd7 7. h3 O-O 8. Qc2
Re8 9. Bd3 Nf8 10. O-O N6d7 11. cxd5 cxd5 12. Nxd5 e5 13. dxe5 Nxe5 14. Bxe5
Bxe5 15. Nxe5 Qxd5 16. Nf3 Bxh3 17. e4 Qh5 18. gxh3 Qxf3 19. Kh2 Ne6 20. Rg1
Nd4 21. Qd2 Qf6 22. Be2 Rxe4 0-1

[Event "Thanksgiving op"]
[Site "Winnipeg CAN"]
[Date "2003.10.12"]
[Round "4"]
[White "Kaptsan, Aron"]
[Black "Katona, John"]
[Result "0-1"]
[WhiteElo "1960"]
[BlackElo "1792"]
[PlyCount "25"]
[EventDate "2003.10.10"]
[EventType "swiss"]
[EventRounds "5"]
[EventCountry "CAN"]

1. d4 Nf6 2. c4 g6 3. Nc3 Bg7 4. e3 O-O 5. Bd3 d6 6. Nge2 Nc6 7. O-O e5 8. f4
exd4 9. exd4 Re8 10. h3 Nh5 11. d5 Nd4 12. Kh2 Qh4 13. g3 0-1

[Event "Thanksgiving op"]
[Site "Winnipeg CAN"]
[Date "2003.10.12"]
[Round "4"]
[White "Kohalmi, Andy"]
[Black "Hogeveen Rutter, Alexander"]
[Result "0-1"]
[WhiteElo "1461"]
[BlackElo "1698"]
[PlyCount "70"]
[EventDate "2003.10.10"]
[EventType "swiss"]
[EventRounds "5"]
[EventCountry "CAN"]

1. e4 c5 2. Nf3 Nc6 3. d3 d6 4. g3 g6 5. Bg2 Bg7 6. O-O Nf6 7. Re1 O-O 8. c3
Bg4 9. Nbd2 Qc8 10. Qc2 Nd7 11. h3 Be6 12. Ng5 Nb6 13. Nxe6 fxe6 14. Nf3 Kh8
15. Be3 e5 16. Rad1 Rf7 17. Qb3 Qf8 18. Ng5 Rf6 19. a3 c4 20. dxc4 Na5 21. Qc2
Naxc4 22. h4 Nxe3 23. Rxe3 Bh6 24. f3 Qc8 25. Kh2 Bxg5 26. hxg5 Rf7 27. Bh3 Qf8
28. Qg2 h6 29. gxh6 Qxh6 30. Red3 Rh7 31. Rh1 Kg7 32. Rdd1 Rah8 33. Kg1 Qe3+
34. Kf1 Rh5 35. Re1 Qh6 0-1

[Event "Thanksgiving op"]
[Site "Winnipeg CAN"]
[Date "2003.10.12"]
[Round "4"]
[White "Liebzeit, Mick"]
[Black "Greenberg, Harley"]
[Result "0-1"]
[WhiteElo "1253"]
[BlackElo "1864"]
[PlyCount "62"]
[EventDate "2003.10.10"]
[EventType "swiss"]
[EventRounds "5"]
[EventCountry "CAN"]

1. e4 c5 2. Nf3 Nc6 3. d4 cxd4 4. Nxd4 Nf6 5. Nc3 e5 6. Ndb5 d6 7. Nd5 Nxd5 8.
exd5 Nb8 9. Be3 Be7 10. Be2 O-O 11. O-O a6 12. Nc3 f5 13. f4 Nd7 14. fxe5 Nxe5
15. Qd2 b5 16. Rae1 Bb7 17. Bd3 Nxd3 18. Qxd3 Qd7 19. Ne2 Bf6 20. Bd4 Bxd5 21.
Bxf6 Be4 22. Qb3+ Kh8 23. Bc3 f4 24. Rxf4 Rxf4 25. Nxf4 Qa7+ 26. Kh1 Qf2 27.
Qf7 Bxg2+ 28. Nxg2 Qxf7 29. Rg1 Qf3 30. a3 Rf8 31. Bd4 h5 0-1

[Event "Thanksgiving op"]
[Site "Winnipeg CAN"]
[Date "2003.10.12"]
[Round "4"]
[White "Vincent, Trevor"]
[Black "Khedkar, Jay"]
[Result "1/2-1/2"]
[WhiteElo "2101"]
[BlackElo "1857"]
[PlyCount "60"]
[EventDate "2003.10.10"]
[EventType "swiss"]
[EventRounds "5"]
[EventCountry "CAN"]

1. c4 e6 2. g3 d5 3. Bg2 Nf6 4. Nf3 Be7 5. O-O O-O 6. Qc2 b6 7. cxd5 exd5 8. d4
Bb7 9. Rd1 Nbd7 10. Nc3 Re8 11. Bf4 c6 12. Rac1 Nf8 13. e4 dxe4 14. Ne5 Nd5 15.
Bxe4 Ng6 16. Nxg6 hxg6 17. Nxd5 cxd5 18. Bf3 Rc8 19. Qa4 a5 20. Rxc8 Bxc8 21.
Bxd5 Bf6 22. Be5 Re7 23. Qc4 Rd7 24. Bxf6 gxf6 25. Bf3 Rd6 26. d5 Bb7 27. Qd4
Qe7 28. Kg2 Qe5 29. h4 Qxd4 30. Rxd4 f5 1/2-1/2

[Event "Thanksgiving op"]
[Site "Winnipeg CAN"]
[Date "2003.10.12"]
[Round "5"]
[White "Cleto, Sam"]
[Black "Kaptsan, Aron"]
[Result "1-0"]
[WhiteElo "1914"]
[BlackElo "1960"]
[PlyCount "25"]
[EventDate "2003.10.10"]
[EventType "swiss"]
[EventRounds "5"]
[EventCountry "CAN"]

1. Nf3 c5 2. e4 d6 3. d4 cxd4 4. Nxd4 Nf6 5. Nc3 g6 6. Be2 Bg7 7. h3 Nc6 8. Be3
a6 9. O-O Qc7 10. Nd5 Nxd5 11. exd5 Ne5 12. c3 Nc4 13. Qa4+ 1-0